000 00335nam a2200097Ia 4500
008 220120s9999||||xx |||||||||||||| ||und||
100 _aBeena N, Jeeshma, P.R, Rosy Thressia, C.V and Vidya S
_912326
245 0 _aARM based satellite tracking system
260 _aCoorg Institute of Technology
_bPonnampet
_c2011
650 _aCOMPUTER SCIENCE
999 _c137912
_d137912